[Event "DEM U12 2023"]
[Site "Willingen GER"]
[Date "2023.06.01"]
[Round "7"]
[White "Schröder, Hannes Artur"]
[Black "Madel, Luca"]
[Result "1/2-1/2"]
[Termination "normal"]
[Board "26"]
[WhiteElo "1343"]
[BlackElo "1151"]
[WhiteClock "00:29:31"]
[BlackClock "00:40:02"]
[PlyCount "78"]
[WhiteFideId "34608818"]
[BlackFideId "16296516"]
[EventCountry "GER"]
[EventRounds "9"]
[EventType "swiss"]
[EventDate "2023.05.27"]

1. e4 {[%clk 01:30:59]} c5 {[%clk 01:30:47]} {[%emt 00:00:13]} 2. Nf3 {[%clk
01:31:20]} {[%emt 00:00:09]} e6 {[%clk 01:30:53]} {[%emt 00:00:23]} 3. d4
{[%clk 01:31:12]} {[%emt 00:00:38]} cxd4 {[%clk 01:30:51]} {[%emt 00:00:33]} 4.
Nxd4 {[%clk 01:31:24]} {[%emt 00:00:18]} a6 {[%clk 01:30:48]} {[%emt 00:00:33]}
5. Nc3 {[%clk 01:31:32]} {[%emt 00:00:22]} Qc7 {[%clk 01:30:44]} {[%emt
00:00:33]} 6. f3 {[%clk 01:28:16]} {[%emt 00:03:46]} b5 {[%clk 01:30:03]}
{[%emt 00:01:11]} 7. a3 {[%clk 01:19:37]} {[%emt 00:09:11]} Bb7 {[%clk
01:26:31]} {[%emt 00:04:01]} 8. Be3 {[%clk 01:12:17]} {[%emt 00:07:50]} Nf6
{[%clk 01:25:04]} {[%emt 00:01:57]} 9. Be2 {[%clk 01:07:48]} {[%emt 00:04:59]}
d5 {[%clk 01:23:26]} {[%emt 00:02:08]} 10. exd5 {[%clk 01:06:13]} {[%emt
00:02:05]} Nxd5 {[%clk 01:23:06]} {[%emt 00:00:49]} 11. Nxd5 {[%clk 01:04:52]}
{[%emt 00:01:52]} Bxd5 {[%clk 01:23:25]} {[%emt 00:00:12]} 12. c3 {[%clk
00:58:00]} {[%emt 00:07:21]} Bd6 {[%clk 01:21:56]} {[%emt 00:01:59]} 13. Bxb5+
{[%clk 00:54:43]} {[%emt 00:03:49]} axb5 {[%clk 01:20:30]} {[%emt 00:01:55]}
14. Nxb5 {[%clk 00:52:29]} {[%emt 00:02:43]} Qd8 {[%clk 01:20:15]} {[%emt
00:00:45]} 15. Nxd6+ {[%clk 00:52:21]} {[%emt 00:00:39]} Qxd6 {[%clk 01:20:04]}
{[%emt 00:00:40]} 16. O-O {[%clk 00:50:05]} {[%emt 00:02:46]} Qc6 {[%clk
01:19:32]} {[%emt 00:01:02]} 17. Bd4 {[%clk 00:48:28]} {[%emt 00:02:07]} O-O
{[%clk 01:19:28]} {[%emt 00:00:34]} 18. Qd2 {[%clk 00:44:31]} {[%emt 00:04:28]}
h6 {[%clk 01:17:35]} {[%emt 00:02:22]} 19. b4 {[%clk 00:42:41]} {[%emt
00:02:20]} Nd7 {[%clk 01:03:25]} {[%emt 00:14:39]} 20. Rfc1 {[%clk 00:41:25]}
{[%emt 00:01:46]} Nb6 {[%clk 01:02:04]} {[%emt 00:01:51]} 21. Bxb6 {[%clk
00:37:44]} {[%emt 00:04:12]} Qxb6+ {[%clk 01:00:28]} {[%emt 00:02:06]} 22. Qf2
{[%clk 00:38:07]} {[%emt 00:00:06]} Qxf2+ {[%clk 00:57:02]} {[%emt 00:03:56]}
23. Kxf2 {[%clk 00:38:23]} {[%emt 00:00:14]} Rfc8 {[%clk 00:57:18]} {[%emt
00:00:14]} 24. a4 {[%clk 00:38:29]} {[%emt 00:00:24]} Bc4 {[%clk 00:56:40]}
{[%emt 00:01:08]} 25. a5 {[%clk 00:38:08]} {[%emt 00:00:51]} Rd8 {[%clk
00:56:53]} {[%emt 00:00:16]} 26. Rd1 {[%clk 00:37:42]} {[%emt 00:00:56]} Kf8
{[%clk 00:56:14]} {[%emt 00:01:08]} 27. f4 {[%clk 00:36:01]} {[%emt 00:02:12]}
Ke7 {[%clk 00:51:36]} {[%emt 00:05:09]} 28. g3 {[%clk 00:34:20]} {[%emt
00:02:11]} Rxd1 {[%clk 00:50:53]} {[%emt 00:01:13]} 29. Rxd1 {[%clk 00:34:27]}
{[%emt 00:00:23]} Rd8 {[%clk 00:50:56]} {[%emt 00:00:26]} 30. Rxd8 {[%clk
00:34:12]} {[%emt 00:00:46]} Kxd8 {[%clk 00:51:08]} {[%emt 00:00:19]} 31. Ke3
{[%clk 00:34:30]} {[%emt 00:00:12]} Kc7 {[%clk 00:48:59]} {[%emt 00:02:38]} 32.
Kd4 {[%clk 00:33:41]} {[%emt 00:01:20]} Bd5 {[%clk 00:46:20]} {[%emt 00:03:09]}
33. Kc5 {[%clk 00:33:46]} {[%emt 00:00:25]} g5 {[%clk 00:46:02]} {[%emt
00:00:47]} 34. f5 {[%clk 00:31:31]} {[%emt 00:02:46]} Bf3 {[%clk 00:43:12]}
{[%emt 00:03:18]} 35. fxe6 {[%clk 00:31:13]} {[%emt 00:00:50]} fxe6 {[%clk
00:43:25]} {[%emt 00:00:16]} 36. Kd4 {[%clk 00:31:00]} {[%emt 00:00:43]} Kc6
{[%clk 00:41:18]} {[%emt 00:02:37]} 37. c4 {[%clk 00:30:45]} {[%emt 00:00:46]}
Be2 {[%clk 00:40:03]} {[%emt 00:01:44]} 38. b5+ {[%clk 00:30:11]} {[%emt
00:01:06]} Kb7 {[%clk 00:40:02]} {[%emt 00:00:31]} 39. a6+ {[%clk 00:29:31]}
{[%emt 00:01:10]} Ka7 {[%emt 00:05:17]} 1/2-1/2